<?xml version="1.0" encoding="UTF-8"?>
<marc:record xmlns:marc="http://www.loc.gov/MARC21/slim">
   <marc:leader>00000nam a2200000 a 4500</marc:leader>
   <marc:datafield ind1="1" ind2=" " tag="100">
      <marc:subfield code="a">Roth, Charlotte</marc:subfield>
      <marc:subfield code="4">aut</marc:subfield>
      <marc:subfield code="e">Verfasser/-in</marc:subfield>
   </marc:datafield>
   <marc:datafield ind1=" " ind2=" " tag="653">
      <marc:subfield code="a">Autor</marc:subfield>
   </marc:datafield>
   <marc:datafield ind1=" " ind2=" " tag="653">
      <marc:subfield code="a">Dichter</marc:subfield>
   </marc:datafield>
   <marc:datafield ind1=" " ind2=" " tag="653">
      <marc:subfield code="a">Schriftsteller</marc:subfield>
   </marc:datafield>
   <marc:datafield ind1=" " ind2=" " tag="653">
      <marc:subfield code="a">Autor &lt;Deutschland&gt;</marc:subfield>
   </marc:datafield>
   <marc:datafield ind1="0" ind2="0" tag="245">
      <marc:subfield code="a">Die ganze Welt ist eine große Geschichte, und wir spielen darin mit</marc:subfield>
   </marc:datafield>
   <marc:datafield ind1="0" ind2="0" tag="245">
      <marc:subfield code="b">Michael Ende - Roman eines Lebens</marc:subfield>
   </marc:datafield>
   <marc:datafield ind1=" " ind2="1" tag="264">
      <marc:subfield code="b">Eisele</marc:subfield>
      <marc:subfield code="c">2019</marc:subfield>
   </marc:datafield>
   <marc:datafield ind1="1" ind2=" " tag="520">
      <marc:subfield code="a">Michael Ende war eine faszinierende Persönlichkeit, die Welt kaum vorstellbar ohne seine Fantasie. Einzutauchen in diese Vorstellungswelt des Menschen Michael Ende ist das Ziel dieses Romans, der bewusst keine faktenorientierte Biografie sein will, sondern der Versuch, sich den Geheimnissen, die Michael Ende nicht preisgab, ebenso respektvoll wie poetisch zu nähern. Sein Leben, das ein knappes Jahrhundert umfasste, wird mit seinem ganz speziellen Blick auf die Welt beleuchtet, der hinter dem Sichtbaren das Unsichtbare zu erspüren suchte. Geschrieben von Charlotte Roth und inhaltlich kuratiert von Michael-Ende-Kenner Roman Hocke wird dem Innenleben des beliebten Autors auf besondere Weise nachgespürt – in einer Fülle von Bildern, Schauplätzen und Begegnungen, aus der sich das Mosaik seiner ganz eigenen Geschichte zusammenfügt.</marc:subfield>
   </marc:datafield>
   <marc:datafield ind1=" " ind2=" " tag="020">
      <marc:subfield code="a">9783961610693</marc:subfield>
      <marc:subfield code="9">9783961610693</marc:subfield>
   </marc:datafield>
</marc:record>
